[Event "WchT Seniors 50"]
[Site "Radebeul"]
[Date "2016.07.03"]
[Round "8.1"]
[White "Graf, Alexander"]
[Black "Bischoff, Klaus"]
[Result "1-0"]
[WhiteElo "2561"]
[BlackElo "2500"]
[Annotator "Besenthal,K"]
[PlyCount "53"]
[EventDate "2016.06.26"]
[EventType "team-swiss"]
[EventRounds "9"]
[EventCountry "GER"]
[SourceTitle "CBM 173 Extra"]
[Source "ChessBase"]
[SourceDate "2016.08.29"]
[SourceVersion "1"]
[SourceVersionDate "2016.08.29"]
[SourceQuality "1"]
[WhiteTeam "Lasker Gesellschaft"]
[BlackTeam "Germany"]
[WhiteTeamCountry "GER"]
[BlackTeamCountry "GER"]

1. d4 Nf6 2. c4 e6 3. Nc3 Bb4 4. e3 b6 5. Nge2 c5 6. a3 Ba5 7. Rb1 Na6 8. g3
Bb7 9. d5 exd5 $6 {Diagramm [#] Dieses Schlagen dürfte wohl zumindest keinen
positiven Effekt auf die schwarze Stellung haben.} (9... b5 {ist hier der
übliche Zug.}) 10. Bg2 b5 $6 {Jetzt lässt dieser kurz vorher noch
positionsgerechte Zug eine für Schwarz ungünstige Struktur entstehen: Die
schwarzen Bauern in der d-Linie erweisen sich als Schwäche. Graf weist dies
in der Folge mustergültig nach.} 11. cxb5 $1 Bxc3+ 12. Nxc3 Nc7 13. b4 d6 14.
O-O O-O 15. a4 Qe7 16. Ba3 c4 $6 17. Bb2 Rfc8 18. Rc1 Rab8 19. Ne2 Ba8 $2 (
19... Ne6 $1 {hätte den weißen Springer nicht nach f4 gelassen.}) 20. Bd4
Nce8 21. Qd2 Rc7 22. Bxf6 {Der Läufer stört beim Angriff auf die schwarzen
d-Bauern nur.} Nxf6 23. Rfd1 d4 24. Bxa8 dxe3 25. Qxe3 Rxa8 26. Qxe7 Rxe7 27.
Nf4 1-0

[Event "USA-ch"]
[Site "Parsippany"]
[Date "1996.??.??"]
[Round "13"]
[White "Gurevich, Dmitry"]
[Black "Yermolinsky, Alex"]
[Result "0-1"]
[WhiteElo "2570"]
[BlackElo "2610"]
[Annotator "Blatny,P"]
[PlyCount "114"]
[EventDate "1996.07.13"]
[EventType "tourn"]
[EventRounds "13"]
[EventCountry "USA"]
[EventCategory "12"]
[SourceTitle "CBM 055"]
[Source "ChessBase"]
[SourceDate "1996.12.01"]
[SourceVersion "1"]
[SourceVersionDate "1996.12.01"]
[SourceQuality "1"]

1. d4 Nf6 2. c4 e6 3. Nc3 Bb4 4. e3 c5 5. Nge2 b6 6. a3 Ba5 7. Rb1 Na6 8. Qa4
Bxc3+ $6 (8... Bb7 $1 9. f3 (9. b4 Bc6 10. b5 (10. Nb5 cxb4 11. axb4 Nxb4 12.
Rxb4 Bxb5 13. Qxb5 $6 (13. cxb5 Rc8 $1 14. Bd2 Ne4 15. Rb2 Qh4 16. g3 Nxd2 17.
Rxd2 Qe4 $1) 13... a6 14. Qa4 b5 15. Qa3 bxc4 16. Bd2 Ne4 $1) 10... Be4 11. Rb2
cxd4 (11... Nc7 12. dxc5) 12. exd4 Nc7) 9... Rc8 $1 10. Bd2 Bc6 11. Qd1 d5 12.
cxd5 exd5 $10 {Gurevich,D-Romanishin (New York 1989)}) 9. Nxc3 $16 O-O 10. Be2
Bb7 11. O-O Ne4 12. Nxe4 Bxe4 13. Ra1 Nc7 14. dxc5 Bc6 15. Qd1 $1 Qg5 (15...
bxc5 16. b4 $16) 16. e4 Qxc5 17. Be3 Qe5 18. f3 f5 19. Bd4 Qf4 20. e5 $6 (20.
exf5 $36) 20... b5 $1 21. Bc5 $6 (21. b3 $142 bxc4 22. bxc4 Rfb8 23. Kh1 $14)
21... Rfc8 22. Qd6 $2 (22. Qd4 Qxd4+ 23. Bxd4 bxc4 24. Rac1 $14) 22... bxc4 23.
g3 $2 Qg5 24. Bxc4 f4 25. Qd2 Qxe5 26. Bd6 $2 (26. Bd4 Qg5 27. Qxf4 $10) 26...
Qe3+ 27. Qxe3 fxe3 28. Rae1 Bb5 29. Bxb5 Nxb5 30. Be5 Rc5 $1 31. Rxe3 d6 32. a4
dxe5 33. axb5 Rxb5 34. Re2 Rab8 35. Ra1 a5 36. Ra2 (36. h4 $10) (36. Kf2 $10)
36... Kf7 37. Kf2 $2 (37. h4) 37... g5 $1 38. h3 h5 39. Ra4 Kf6 40. h4 $2 (40.
b3) 40... gxh4 41. Rxh4 Rxb2 42. Rxh5 Rxe2+ 43. Kxe2 Ra8 44. Rh6+ Ke7 45. Kd3
a4 46. Rh2 a3 47. Ra2 Kf6 48. Kc2 Kf5 49. Kb1 e4 50. fxe4+ Kg4 51. Rg2 a2+ 52.
Ka1 e5 53. Rg1 Ra4 54. Rf1 Kxg3 55. Rf5 Rxe4 56. Kxa2 Kg4 57. Rf8 Rb4 0-1

[Event "British CF-72 Championship"]
[Site "Edinburgh"]
[Date "1985.08.08"]
[Round "10"]
[White "Flear, Glenn C"]
[Black "Speelman, Jonathan S"]
[Result "0-1"]
[WhiteElo "2455"]
[BlackElo "2530"]
[Annotator "Bulletin"]
[PlyCount "78"]
[EventDate "1985.07.29"]
[EventType "swiss"]
[EventRounds "11"]
[EventCountry "SCO"]
[SourceTitle "EXT 1999"]
[Source "ChessBase"]
[SourceDate "1998.11.16"]
[SourceVersion "1"]
[SourceVersionDate "1998.11.16"]
[SourceQuality "1"]

1. d4 Nf6 2. c4 e6 3. Nc3 Bb4 4. e3 c5 5. Nge2 cxd4 6. exd4 d5 7. a3 Be7 8. c5
O-O 9. g3 Nc6 10. Bg2 e5 11. dxe5 Nxe5 12. b4 Bg4 13. f4 Nc6 14. O-O a5 15. Rb1
axb4 16. axb4 Re8 17. Rf2 Bf8 18. Qd3 d4 19. Bxc6 bxc6 20. Qxd4 Qe7 21. f5 $6
Rad8 22. Qf4 Rd3 23. Bb2 Re3 24. Nd4 Bh3 25. Ne6 (25. Nce2) (25. Nxc6) 25...
Ng4 $1 26. Ne4 Rxe4 27. Qxe4 Nxf2 28. Kxf2 fxe6 29. f6 gxf6 30. g4 f5 $1 31.
gxf5 Bxf5 32. Rg1+ Bg7 33. Qxc6 Bg6 34. Bxg7 Kxg7 35. Rg4 Qf6+ 36. Kg3 Rd8 37.
Qb7+ Kh8 38. Rf4 Qg5+ 39. Rg4 Rd3+ 0-1

[Event "NOR-ch"]
[Site "Kristiansund"]
[Date "1992.??.??"]
[Round "8"]
[White "Grotnes, Nils Ragnar"]
[Black "Bern, Ivar"]
[Result "0-1"]
[WhiteElo "2345"]
[BlackElo "2380"]
[Annotator "Bulletin"]
[PlyCount "66"]
[EventDate "1992.??.??"]
[EventType "swiss"]
[EventRounds "9"]
[EventCountry "NOR"]
[SourceTitle "TD"]
[Source "ChessBase"]
[SourceDate "1994.03.01"]
[SourceVersion "1"]
[SourceVersionDate "1994.03.01"]
[SourceQuality "1"]

1. d4 Nf6 2. c4 e6 3. Nc3 Bb4 {Jeg ble ikke imponert av Grotnes-E. Fossan i 2.
runde sÅ jeg bestemte meg for Е spille nimzo-indisk for andre gang i mitt liv.}
4. e3 c5 5. Nge2 cxd4 6. exd4 d5 7. a3 $5 {Mot Fossan spilte Grotnes 7.c5 Se4
8.Ld2 Sc6 9.Sxe4 dxe4 10.Lxb4 Sxb4 11.Da4+.} Be7 8. c5 b6 9. b4 O-O 10. g3 bxc5
11. dxc5 {Etter 11.bxc5 Sc6 12.Lg2 La6 fulgt av 13.-Sa5 kommer sort inn pÅ de
hvite feltene.} a5 12. Rb1 axb4 13. axb4 {Etter en halvtimes tenkepause
bestemte jeg meg for Е gÅ berserk. Hvit stÅr best etter det naturlige 13.-e5
14.Lg2 Le6 15.0-0. Sorts sentrum brytes opp med f2-f4.} Ba6 $1 {Med planen 14.
-Lc4 hvis hvit ikke tar i mot utfordringen.} 14. b5 $5 {[#]} Bxc5 $1 15. bxa6 (
15. Na4 Qa5+ 16. Bd2 Bxf2+ 17. Kxf2 Ne4+ 18. Ke1 Nxd2 19. Qxd2 Qxa4 20. bxa6
Qe4 $1 {og sort vinner.}) 15... Ng4 16. Nd4 Nxf2 $1 {Ikke 16.-Df6 17.Dxg4 Lxd4
18.Sd1 og hvit dekker alt.} 17. Kxf2 Qf6+ 18. Kg2 Bxd4 {[#]} 19. Nxd5 $1 {
Jeg hadde kun sett pÅ 19.Sb5 og Se2, hvoretter 19.-Df2+ 20.Kh3 Df5+ fulgt av
21.-Dxb1 gir sort tÅrn og tre bKnder for lKperparet.} exd5 $2 {NKdvendig var
19.-Df2+ 20.Kh3 Df5+ 21.Dg4! Dxg4+ 22.Kxg4 exd5 med trolig remis .} 20. Bd3
Qf2+ $2 {20.-Sc6 var nKdvendig, men hvit har kompensasjon for bonden.} 21. Kh3
Nxa6 $2 22. Rf1 Qa2 {[#]} 23. Qg4 $4 (23. Rf4 $1 Bc3 24. Bxh7+ $1 Kxh7 25. Qh5+
Kg8 26. Rh4 f6 27. Qh7+ Kf7 28. Rb7+ {vinner for hvit.}) 23... Bc3 24. Rb5 Rae8
25. Rf4 Nc7 26. Rc5 Be5 27. Rf5 (27. Bxh7+ $2 Kxh7 28. Qh5+ Kg8 29. Rh4 f6 30.
Rxc7 Bxc7 31. Qh7+ Kf7 32. Bh6 Rg8 33. Rg4 Rh8 $1 {vinner for sort.}) 27... Qa1
28. Bh6 $2 {I gjensidig tidsnKd gÅr Grotnes berserk. Bedre var 28.Tf1!} Re6 $1
29. Rh5 $2 {[#]} f5 $1 {Dermed er hvit fortapt.} 30. Bxf5 Qf1+ 31. Kh4 Rxh6 32.
Rxh6 Rxf5 33. Rxc7 Bxc7 {Og hvit tapte pÅ tid i en hÅplKs stilling.} 0-1

[Event "NOR-ch"]
[Site "Kristiansund"]
[Date "1992.??.??"]
[Round "2"]
[White "Grotnes, Nils Ragnar"]
[Black "Fossan, Erik"]
[Result "1-0"]
[WhiteElo "2345"]
[BlackElo "2340"]
[Annotator "Bulletin"]
[PlyCount "55"]
[EventDate "1992.??.??"]
[EventType "swiss"]
[EventRounds "9"]
[EventCountry "NOR"]
[SourceTitle "TD"]
[Source "ChessBase"]
[SourceDate "1994.03.01"]
[SourceVersion "1"]
[SourceVersionDate "1994.03.01"]
[SourceQuality "1"]

1. d4 Nf6 2. c4 e6 3. Nc3 Bb4 4. e3 c5 5. Nge2 cxd4 6. exd4 d5 7. c5 Ne4 8. Bd2
Nc6 $5 9. Nxe4 dxe4 10. Bxb4 Nxb4 11. Qa4+ (11. Nc3 f5 12. Bb5+ {er visstnok
ogsÅ spilt.}) 11... Nc6 12. Nc3 {Kanskje jeg prKver 0-0-0 neste gang?} f5 (
12... Qxd4 13. Qxd4 Nxd4 14. O-O-O e5 15. Nxe4 Ke7 16. f4 {er uklart,
sannsynligvis likt spill.}) 13. Nb5 O-O 14. Nd6 Qg5 {Hvit har brukt veldig
mange trekk pÅ Е sette springeren pÅ d6. Jeg satset pÅ at den ville hemme sort
nok til at utviklingsforspranget ikke ble avgjKrende.} 15. g3 {[#]} Kh8 $2 {
Taper et viktig tempo, og gir sort taktiske muligheter med sisteradsmatter og
gaffel pÅ f7. Et ufattelig dÅrlig trekk.} (15... f4 $6 16. Nxe4 Qf5 17. Bd3
fxg3 18. hxg3 Qf3 19. Kd2 {Hvis ikke sort har noe forsert her, stÅr hvit
glimrende. Fossan brukte mye av tida si pÅ disse variantene.} e5 $4 20. Qc4+
Kh8 21. Rxh7+) (15... Bd7 $1 {Truer Se5-f3} 16. Qc4 b6 {Sort har gode
muligheter, men hvits springer burde holde stillingen sammen.}) 16. Bb5 Nb8 $6
(16... f4 $2 17. Bxc6 bxc6 18. Qxc6 e3 $4 19. Nf7+) (16... Ne7 $6 17. Bd7 Qf6
18. Bxc8 Nxc8 19. Nxb7 f4 20. O-O-O $1 {Sort har ikke kompensasjon for bonden.}
) (16... Nd8 $5 {er passivt, men dekker i alle fall de svake punktene b7,e6 og
f7.}) 17. O-O {De tre trekkene hvit innvesterte pÅ Е fÅ springeren til d6 har
sort gitt tilbake, alt pÅ grunn av det fatale trekket Kh8.} Qe7 {[#]} 18. f3
exf3 19. Rxf3 b6 20. Re1 a6 $6 {[#]} (20... bxc5 21. dxc5 $6 (21. Nxc8 Rxc8 22.
Rxf5 cxd4 23. Rfe5 {ser mye bedre ut for hvit.}) 21... e5 {gir sort unKdvendig
mye spill.}) 21. Rxf5 $5 Rxf5 22. Nxf5 Qc7 $6 (22... Qb7 $5 23. Bxa6 $6 {
Dette var mitt planlagte trekk, men det er antagelig dÅrlig.} (23. c6 $1 Qf7 {
ellers kommer Da3 med mattangrep.} 24. Nd6 Qc7 25. Ne8 Qf7 26. c7 Nd7 27. Nd6
Qe7 28. Nxc8 {ser ut til Е vinne.}) 23... Qd7 $1 24. c6 Nxc6 25. Bxc8 Qxc8 26.
Nd6 Rxa4 27. Nxc8 Nxd4 28. Rd1 e5 29. a3 b5 30. Nd6 Kg8 {med utligning (minst!)
.}) (22... Qf6 $6 {er et aktivt forsKk, som sannsynligvis taper.} 23. Nd6 Bb7
24. Nxb7 axb5 25. Qxa8 Qxd4+ 26. Kg2 Qd5+ 27. Kf2 Qd4+ 28. Re3 Qxb2+ (28...
Qd2+ 29. Re2 Qd4+ 30. Ke1 Qg1+ 31. Kd2 Qd4+ 32. Kc1 Qc4+ 33. Kb1 Qd3+ 34. Rc2
Qd1+ 35. Rc1 Qd3+ 36. Ka1) 29. Kf3 Qf6+ 30. Kg2 Qb2+ 31. Kh3) 23. cxb6 Qxb6 24.
Qa3 $1 Qd8 {Eneste trekk, Sd7 besvares med De7 med snarlig matt.} 25. Nd6 Qe7
$6 {Ta7 eller Kg8 mÅtte forsKkes.} 26. Be8 (26. Nxc8 Qxa3 27. bxa3 axb5 28.
Rxe6 Kg8 29. Re8+ Kf7 30. Nd6+ Kf6 31. Nxb5 {vinner ogsÅ.}) 26... Qf6 {Alt
taper.} (26... Kg8 27. Bf7+ Kh8 28. Nxc8 Qxf7 29. Rf1) 27. Nxc8 Qxd4+ 28. Qe3
1-0

[Event "Hoogovens"]
[Site "Wijk aan Zee"]
[Date "1984.01.24"]
[Round "9"]
[White "Miles, Anthony John"]
[Black "Van der Wiel, John"]
[Result "1-0"]
[WhiteElo "2565"]
[BlackElo "2515"]
[Annotator "Bulletin"]
[PlyCount "75"]
[EventDate "1984.01.13"]
[EventType "tourn"]
[EventRounds "13"]
[EventCountry "NED"]
[EventCategory "13"]
[SourceTitle "MCL"]
[Source "ChessBase"]
[SourceDate "1999.07.01"]
[SourceVersion "1"]
[SourceVersionDate "1999.07.01"]
[SourceQuality "1"]

1. d4 Nf6 2. c4 e6 3. Nc3 Bb4 4. e3 c5 5. Nge2 cxd4 6. exd4 d5 7. c5 Ne4 8. Bd2
a5 $5 9. Nxe4 $1 dxe4 10. a3 Bxd2+ 11. Qxd2 $14 {>< e4} O-O (11... b6 12. Nc3
bxc5 13. dxc5 Qxd2+ 14. Kxd2 $16 {_|_}) (11... Nc6 $5) 12. Qe3 b6 $5 (12... f5
13. Nf4 {/\ Bc4,0-0-0 +/-}) 13. Qxe4 (13. Nc3 $5) 13... Ra7 14. Nc3 (14. c6 $6
Qd6 {/\ Rc7}) 14... Rd7 15. O-O-O Bb7 $1 (15... bxc5 16. dxc5 (16. d5 $5)) 16.
Qe3 (16. Qg4 Nc6 17. Bb5 Rxd4) 16... bxc5 17. dxc5 Rxd1+ 18. Nxd1 Qh4 (18...
Qe7 $5 {/\ Rc8}) 19. Nc3 Rc8 20. Bb5 $1 Bxg2 21. Rd1 Qxh2 22. b4 (22. Rd6 $5
Qh6 $5) 22... axb4 23. axb4 h5 24. Rd6 $1 h4 (24... Qh3 25. Qd4 $1 $16) (24...
Rf8 25. Qg3 Qxg3 26. fxg3 $16 {_|_}) 25. Rxe6 $1 $16 Rf8 26. Re8 Bc6 $8 (26...
Nc6 27. Bc4 $1 {/\ Bxf7+ +-}) (26... g6 27. Bc4 $1 $18) 27. Bxc6 Nxc6 28. b5
Na5 29. Re4 $1 f5 (29... h3 30. Nd5 $1 $18) (29... Qg1+ 30. Kb2) 30. Ra4 $18
Qg1+ 31. Kc2 f4 (31... h3 32. Qe6+ Rf7 33. Rxa5 h2 34. Ra8+ Kh7 35. Qxf7 h1=Q
36. Qg8+ Kg6 37. Ra6+) 32. Qe6+ Kh8 33. Rxa5 Qxf2+ 34. Kb3 Qxc5 35. Ra4 Rc8 36.
Rc4 Qxc4+ 37. Qxc4 Rxc4 38. Kxc4 1-0

[Event "Hoogovens"]
[Site "Wijk aan Zee"]
[Date "1984.01.18"]
[Round "5"]
[White "Ree, Hans"]
[Black "Ligterink, Gert"]
[Result "1/2-1/2"]
[WhiteElo "2480"]
[BlackElo "2445"]
[Annotator "Bulletin"]
[PlyCount "78"]
[EventDate "1984.01.13"]
[EventType "tourn"]
[EventRounds "13"]
[EventCountry "NED"]
[EventCategory "13"]
[SourceTitle "MCL"]
[Source "ChessBase"]
[SourceDate "1999.07.01"]
[SourceVersion "1"]
[SourceVersionDate "1999.07.01"]
[SourceQuality "1"]

1. d4 Nf6 2. c4 e6 3. Nc3 Bb4 4. e3 c5 5. Nge2 cxd4 6. exd4 O-O 7. a3 Be7 8. d5
exd5 9. cxd5 Re8 10. Be3 Ng4 11. Bd4 Nh6 12. Ng3 $2 Bxa3+ 13. Be2 Bxb2 14. Nb5
Bxd4 $1 (14... Bxa1 15. Bxa1 $44) 15. Qxd4 d6 16. Rxa7 Rxa7 17. Qxa7 Na6 18.
O-O Nf5 $17 19. Bf3 Bd7 20. Nxf5 Bxb5 21. Rd1 Nc5 22. h3 Qf6 23. Ne3 h6 24. Ng4
Qf4 25. Qa1 Bd7 26. Ne3 b5 27. Bg4 Bxg4 28. hxg4 g6 29. Qb2 b4 30. Rd4 Re4 31.
g3 Qf3 32. Rxb4 Rxb4 33. Qxb4 Nd3 34. Qd2 Ne5 35. Qb4 Kg7 36. Qd4 Kg8 37. Qf4
Qxf4 38. gxf4 Nd3 39. f5 Kg7 1/2-1/2

[Event "Yerevan op"]
[Site "Yerevan"]
[Date "1996.??.??"]
[Round "10"]
[White "Yakovich, Yuri"]
[Black "Sturua, Zurab"]
[Result "1/2-1/2"]
[WhiteElo "2540"]
[BlackElo "2540"]
[Annotator "Chekhov,V"]
[PlyCount "141"]
[EventDate "1996.??.??"]
[EventType "swiss"]
[EventRounds "11"]
[EventCountry "ARM"]
[SourceTitle "CBM 052 Extra"]
[Source "ChessBase"]
[SourceDate "1996.07.01"]
[SourceVersion "1"]
[SourceVersionDate "1996.07.01"]
[SourceQuality "1"]

1. d4 Nf6 2. c4 e6 3. Nc3 Bb4 4. e3 c5 5. Nge2 cxd4 6. exd4 O-O 7. a3 Be7 8. d5
exd5 9. cxd5 Re8 10. d6 Bf8 11. g3 Re6 12. Bf4 Nh5 13. Be3 Rxd6 14. Qc2 Nc6 15.
Bg2 Re6 (15... Nf6 16. O-O Re6 17. Rad1 d6 (17... Re8 $5 18. Nd4 Nxd4 19. Bxd4
d5 20. Bxf6 Qxf6 21. Nxd5 Qe5 22. Nc7 Bf5 23. Qc1 Rec8 $10 {Korchnoi,
V-Kindermann,S/Beer-Sheva/1984/0,5/24/}) 18. Nd4 Nxd4 19. Bxd4 Re8 20. Rc1 Nd7
21. Nb5 Nc5 22. Nxd6 $14 {Makarov,M-Xu,J/Belgrade/1988/1|0/29/}) 16. O-O d6 $6
(16... Nf6 $5) 17. Nd4 Nxd4 18. Bxd4 Nf6 19. Rac1 $1 d5 20. Qb3 Bd7 (20... Re8
21. Bxf6 Qxf6 22. Nxd5 Qe6 23. Rc3 $16) 21. Qxb7 (21. Nxd5 Bc6 (21... Nxd5 22.
Bxd5 Ba4 23. Qxb7 Rb8 24. Qxa7 Qxd5 25. Qxb8 (25. Qxa4 Re4 26. Rfd1 Rd8 27. Rc4
g6 $132) 25... Qxd4 (25... Bc6 26. Rxc6 Rxc6 27. Bc3 $18) 26. Rc8 Qd6 27. Qxd6
Rxd6 28. Ra8 Bc6 29. Ra6 $16) 22. Nxf6+ gxf6 23. Bxc6 bxc6 24. Rfd1 Qe7 25. Qf3
$16) 21... Bc6 (21... Rb8 22. Qxa7 Ra8 23. Bxf6 Rxf6 (23... Qxf6 24. Qxd7 $18)
24. Qd4 $18) 22. Qa6 $1 (22. Qb3 Ne4 23. Rfd1 Qa5 $14) 22... Rb8 23. Rfe1 Qd7
24. Rxe6 fxe6 25. b4 $16 Bb7 (25... Rb7 26. Bh3 Kf7 27. Re1 Ne4 28. b5 $1 Bxb5
29. Nxb5 Rxb5 30. Bxe6+ Qxe6 31. Qxb5 $18) 26. Qxa7 Ra8 27. Qb6 Rxa3 (27... Ra6
28. Qb5 Qxb5 29. Nxb5 Bc6 30. Nc7 $18) 28. Bh3 (28. b5 $5) 28... Ra6 29. Bxe6+
Qxe6 30. Qxb7 Rc6 31. Rd1 Rc4 32. Bxf6 (32. b5 $6 Rxd4 33. Rxd4 Qe1+ 34. Kg2
Qxc3 35. Rf4 $14) 32... Qxf6 (32... Rxb4 33. Qxd5 Qxd5 34. Nxd5 $18) 33. Nxd5 (
33. Qxd5+ Qf7 34. Qxf7+ Kxf7 35. Nd5 Bxb4 $14) 33... Qe5 34. b5 $18 Re4 35. Ne3
$6 (35. Kg2 $5) 35... Rb4 36. Qd5+ $6 (36. Rd5 Rb1+ 37. Kg2 Qe4+ 38. Kh3 Rb2
$132) (36. b6 $5 Qe6 37. Nd5 $18 (37. Qd5 Rxb6)) 36... Qxd5 37. Rxd5 Kf7 38.
Kg2 Ke6 39. Kf3 $6 (39. h4 $5 g6 40. h5 Be7 41. hxg6 hxg6 42. f4 $18) 39... g6
40. h4 Bd6 41. Kg2 $2 (41. h5 $5 Rb3 (41... Be5 $5 42. hxg6 hxg6 43. Rc5 Bd6 (
43... Bd4 44. Rc6+ Kf7 45. Rc4 $18) (43... Kd6 44. Rc6+ $18) 44. Rg5 Kf6 45.
Rd5 Ke6 46. Kg2 Rb3 (46... Rb2 $4 47. Rxd6+ Kxd6 48. Nc4+ $18) (46... Be5 47.
Rc5 Bd6 48. Rg5 Kf6 49. f4 $18) 47. Kh3 Rb4 (47... Rxe3 48. Rxd6+ $18) (47...
Be7 $1 $14) 48. Rg5 Kf6 49. f4 $18) 42. hxg6 hxg6 (42... Rxe3+ 43. Kxe3 Kxd5
44. g7 $18) 43. Ke4 $18) 41... Rb3 42. Rg5 (42. h5 $5) 42... Be7 43. Nc2 Kd6
44. Nd4 Rb2 45. Rg4 Bf6 46. Nf3 Rxb5 $14 47. Re4 Rb2 (47... Rb7 $5) 48. Ng5 Kd5
49. Re8 Rb7 50. Kh3 h6 51. Ne6 Be5 (51... g5 $6 52. hxg5 hxg5 53. Kg4 Rb2 54.
Nxg5 Rxf2 55. Ne4 Rf1 56. Nxf6+ Rxf6 57. Kg5 $18) 52. Nc5 Rf7 53. Nd3 Bd6 54.
f4 Rb7 55. Kg4 (55. Ne5 g5 $1) (55. Rg8 Rb3 56. Nf2 (56. Ne5 Bxe5 57. fxe5 Rb6
58. Re8 Re6 $10) 56... Bxf4 (56... g5 $5 57. hxg5 Bxf4 58. gxh6 Bxh6 $10) 57.
Rxg6 h5 58. Kg2 Be5 59. Rg5 Ke6 60. Nh1 Rb2+ 61. Kf3 Rb1 $10) 55... h5+ 56. Kh3
(56. Kg5 Rb3 $1) 56... Rb8 57. Re2 (57. Rxb8 Bxb8 58. Kg2 Ke4 59. Nc5+ Kf5 60.
Kf3 Bd6 61. Ne4 Bc7 $10) 57... Rf8 58. Kg2 Rf6 59. Kf3 Re6 60. Rd2 (60. Rxe6
Kxe6 61. Ke4 Kf6 62. Ne5 Bc7 $10) 60... Kc6 61. Nf2 Be7 62. Ne4 Kc7 63. Rd5 Rb6
64. f5 gxf5 65. Rxf5 Rh6 66. Kf4 (66. Nc3 Kd6 67. Nd5 Ke6 68. Ke4 (68. Nxe7
Kxe7 69. Kf4 Rh8 $1 $10) 68... Bd6 $10) 66... Kd7 67. Ke5 Re6+ 68. Kf4 Rh6 69.
Ra5 Kd8 70. Kf5 Rb6 71. Ra7 1/2-1/2

[Event "Baku 20 Years"]
[Site "Baku"]
[Date "1980.03.30"]
[Round "1"]
[White "Kasparov, Garry"]
[Black "Csom, Istvan"]
[Result "1-0"]
[WhiteElo "2595"]
[BlackElo "2510"]
[Annotator "ChessBase"]
[PlyCount "57"]
[EventDate "1980.03.30"]
[EventType "tourn"]
[EventRounds "15"]
[EventCountry "URS"]
[EventCategory "10"]
[SourceTitle "EXT 2000"]
[Source "ChessBase"]
[SourceDate "1999.11.16"]
[SourceVersion "1"]
[SourceVersionDate "1999.11.16"]
[SourceQuality "1"]

1. d4 Nf6 2. c4 e6 3. Nc3 Bb4 4. e3 c5 5. Nge2 cxd4 6. exd4 O-O (6... d5) 7. a3
Be7 8. d5 (8. g3 d5 (8... Qc7 $5) 9. c5) 8... exd5 9. cxd5 Re8 (9... Bc5 $5 $13
) 10. g3 (10. Be3 Ng4 (10... d6 {+/=/+/-}) 11. Bd4 Nh6 $3 {/\ Nf5} (11... Bf6 {
+/=/+/-}) (11... d6) 12. g4 (12. Ng3 Bxa3+ 13. Be2 Bxb2 14. Nb5 $13 {
Ree-Ligtering/1984/}) 12... d6 13. h3 f5 $17 {Groszpeter-Adorjan/1983/}) (10.
d6 Bf8 11. g3 Re6 12. Bg2 Rxd6 13. Qc2 $36) 10... Bc5 11. Bg2 (11. Na4 b6 $1 (
11... Bf8 12. Bg2 d6 13. O-O Nbd7 14. Be3 Ne5 15. Bd4 {+/=/+/-
Polugajevsky-Cholmov/1961/}) 12. Nxc5 bxc5 13. Bg2 Ba6 14. Be3 Ng4) 11... d6 (
11... Ng4 12. O-O Qf6 (12... Qb6 13. Ne4 (13. Qe1) 13... Rxe4 14. Bxe4 Nxf2 15.
Rxf2 Bxf2+ 16. Kg2 d6 17. Bxh7+) 13. Nf4 Nxf2 14. Rxf2 Bxf2+ 15. Kxf2 g5 16.
Ne4 Qb6+ 17. Be3 Qxb2+ 18. Kg1) 12. h3 $1 (12. O-O Bg4) 12... Bf5 $6 (12... a6
$1 13. O-O Nbd7 14. Nd4 Ne5 {/\ 15.... Bd7= Chandler-Andersson/1980/}) 13. O-O
Nbd7 $6 (13... Ne4 {>=} 14. Na4 Nd7) 14. g4 $1 Be4 (14... Bg6 15. Ng3 Ne5 16.
g5 Nfd7 17. Nce4) 15. Ng3 Bxg2 16. Kxg2 Nf8 17. g5 N6d7 18. h4 Ne5 (18... Rc8 {
>= /\ 19.... Bb6, 20.... Nc5}) 19. h5 $1 {/\ Nce4, h6; /\ Nce4, b3, f4} f6 20.
Nce4 $1 fxg5 (20... Nfd7 21. f4 Nf7 (21... Nc4 22. Qd3 b5 23. b3) 22. g6) (
20... Qd7 21. h6) 21. Bxg5 Qb6 22. h6 Nf7 23. hxg7 Nd7 24. Nf6+ $18 Nxf6 25.
Bxf6 {/\ 26.b4 +-} Qb5 26. Rh1 Bb6 27. Qf3 $1 Ne5 (27... Bd8 28. Bc3 Ne5 29.
Qf5 Qxd5+ 30. Ne4) 28. Nf5 $1 (28. Qf5 $18) 28... Nf7 29. Rxh7 $1 1-0

[Event "Frunze"]
[Site "Frunze"]
[Date "1989.??.??"]
[Round "?"]
[White "Zilberman, Nathan R"]
[Black "Howell, James C"]
[Result "0-1"]
[WhiteElo "2445"]
[BlackElo "2440"]
[Annotator "ChessBase"]
[PlyCount "86"]
[EventDate "1989.08.??"]
[EventType "tourn"]
[EventRounds "11"]
[EventCountry "URS"]
[EventCategory "8"]
[SourceTitle "CBM 015"]
[Source "ChessBase"]
[SourceDate "1990.04.01"]
[SourceVersion "1"]
[SourceVersionDate "1990.04.01"]
[SourceQuality "1"]

1. d4 Nf6 2. c4 e6 3. Nc3 Bb4 4. e3 c5 5. Nge2 cxd4 6. exd4 O-O 7. a3 Be7 8. d5
exd5 9. cxd5 Re8 10. Be3 Ng4 11. Bd4 Nh6 12. Qd3 d6 13. Ng3 Bf6+ 14. Be2 Nd7
15. Rd1 Bxd4 16. Qxd4 Nf6 17. O-O Nf5 18. Qf4 Nxg3 19. hxg3 Re5 20. Rfe1 Qe7
21. Kf1 Bd7 22. Bb5 Nxd5 $1 (22... Bxb5+ 23. Nxb5 Nxd5 24. Qd4 $1) 23. Rxe5
dxe5 24. Nxd5 Bxb5+ 25. Kg1 exf4 26. Nxe7+ Kf8 27. Nd5 fxg3 $1 28. fxg3 (28.
Nc7 gxf2+ 29. Kxf2 Ba4 $1) 28... Rd8 29. Kf2 Ba4 30. Rd3 Bb5 31. Rd1 Bc6 32.
Ne3 Rxd1 33. Nxd1 Ke7 34. Ne3 Ke6 35. Ke2 Ke5 36. Nc4+ Kd5 37. Ne3+ Ke4 38. Kd2
Bb5 39. Nd1 Kd4 40. Ne3 Bd3 41. Ng4 Be4 42. Ne3 h5 43. Ke2 f5 0-1